Văn học Việt Nam thế kỷ XX : Lý luận - phê bình1945-1975. Quyển 5, tập X Q.5,T.10

Gardado en:
Detalles Bibliográficos
Formato: Libro
Idioma:Vietnamese
Publicado: Văn học 2009
Các nhãn: Engadir etiqueta
Sen Etiquetas, Sexa o primeiro en etiquetar este rexistro!
Thư viện lưu trữ: Mạng thư viện Đại học Đà Nẵng
LEADER 00685nam a2200241 4500
001 000022943
003 19392
005 20150520140555.0
008 150520s2009 viesd
020 |c 00 
041 0 |a vie 
082 1 4 |a 895,92208  |b Vă-H 
245 1 0 |a Văn học Việt Nam thế kỷ XX : Lý luận - phê bình1945-1975. Quyển 5, tập X  |b Q.5,T.10  |c Nguyễn Ngọc Thiện chủ biên, ..[et al.]. 
260 |b Văn học  |c 2009 
300 |a tr.  |c cm. 
OWN |a LSP 
999 |a From the UDN01 
TYP |a Monograph 
TYP |a Printed language 
980 |a Mạng thư viện Đại học Đà Nẵng